[Event "ROM-ch U08"]
[Site "Calimanesti Caciulata"]
[Date "2016.04.22"]
[Round "6"]
[White "Celmare, Radu Constantin"]
[Black "Scanteie, Ioachim"]
[Result "1-0"]
[WhiteElo "1001"]
[BlackElo "1001"]
[PlyCount "59"]
[EventDate "2016.04.18"]
[EventType "swiss"]
[EventRounds "9"]
[EventCountry "ROU"]
[SourceTitle "CBM 172 Extra"]
[Source "ChessBase"]
[SourceDate "2016.06.21"]
[SourceVersion "1"]
[SourceVersionDate "2016.06.21"]
[SourceQuality "1"]

1. e4 e5 2. Nf3 Nc6 3. Bc4 Bc5 4. c3 Nf6 5. d4 Bd6 6. dxe5 Bxe5 7. Nxe5 Nxe5 8. Bb5 0-0 9. 0-0 d6 10. Bd3 Nxd3 11. Qxd3 c5 12. Bg5 Qb6 13. Bxf6 g6 14. b4 cxb4 15. cxb4 Qxb4 16. Bc3 Qb6 17. Bd4 Bd7 18. Bxb6 axb6 19. Qxd6 Be6 20. Qxb6 Rxa2 21. Rxa2 Bxa2 22. Qxb7 Bxb1 23. Qxb1 Re8 24. Rc1 f5 25. e5 Rxe5 26. Qb3+ Kg7 27. Qb2 Kf7 28. Qxe5 Kf8 29. Rc7 Kg8 30. Qe8# 1-0